Donor chromosome elimination and organelle composition of asymmetric somatic hybrid plants between an interspecific tomato hybrid and eggplant (Record no. 57354)

MARC details
000 -LEADER
fixed length control field 00503nam a2200157Ia 4500
100 ## - MAIN ENTRY--AUTHOR NAME
Personal name Samoylov V M
245 #0 - TITLE STATEMENT
Title Donor chromosome elimination and organelle composition of asymmetric somatic hybrid plants between an interspecific tomato hybrid and eggplant
260 ## - PUBLICATION, DISTRIBUTION, ETC. (IMPRINT)
Name of publisher Theoretical and Applied Genetics
Year of publication 1996
300 ## - PHYSICAL DESCRIPTION
Number of Pages 268-274
650 ## - SUBJECT ADDED ENTRY--TOPICAL TERM
Topical Term Dot-blot hybridization
650 ## - SUBJECT ADDED ENTRY--TOPICAL TERM
Topical Term RFLP
700 ## - ADDED ENTRY--PERSONAL NAME
Personal name Izhar S
700 ## - ADDED ENTRY--PERSONAL NAME
Personal name Sink K C
942 ## - ADDED ENTRY ELEMENTS (KOHA)
Koha item type Journals
Holdings
Withdrawn status Lost status Damaged status Not for loan Home library Current library Shelving location Date acquired Serial Enumeration / chronology Koha item type
      Journals RRII Library RRII Library RFLP 17/12/2021 Volume 93, Issue 02-Jan Journals